MARC Record
Leader
003
BE-GnUNI
007
't'u
035
a| (MSK)314000538
245
0
0
a| Hafnia :
b| Copenhagen Papers in the History of Art.
546
a| Engels
500
a| Tijdschriften
852
4
b| MSK
c| MSK
j| II.DK.4
920
a| tijdschrift
001
000044711
005
20241224121705.0